Statistieken voor Landen die beginnen met G

Klik hier om de quiz te nemen!

Algemene statistieken

  • Deze quiz is 4.372 keer genomen
  • De gemiddelde score is 6 van 10

Antwoordstatistieken

Land% Correct
Griekenland
80%
Ghana
73%
Georgië
71%
Gambia
69%
Gabon
63%
Guinee
63%
Guatemala
61%
Guyana
54%
Guinee-Bissau
53%
Grenada
49%

Scoreverdeling

Percentiel versus Aantal Correcte Antwoorden

Procent van Mensen met Elke Score

Uw Scoregeschiedenis

U heeft deze quiz nog niet genomen